Score 0/15 Timer 20:00
0 Plays Today
Novel Author % Correct
The Great GatsbyF. Scott Fitzgerald
100%
James and the Giant PeachRoald Dahl
85.2%
Jurassic ParkMichael Crichton
81.5%
A Thousand Splendid SunsKhaled Hosseini
66.7%
The Pillars of the EarthKen Follett
55.6%
Islands in the StreamErnest Hemingway
40.7%
The Caine MutinyHerman Wouk
33.3%
The Sheltering SkyPaul Bowles
25.9%
Novel Author % Correct
Mila 18Leon Uris
25.9%
CarribeanJames A. Michener
22.2%
The Planet of The ApesPierre Boulle
14.8%
Fools DieMario Puzo
3.7%
PeonyPearl Buck
3.7%
The Ides of MarchThornton Wilder
3.7%
Border PrincessDan Abnett
0%
Remove Ads.
Support Sporcle.
Get the best of Sporcle when you Go Orange. This ad-free experience offers more features, more stats, and more fun while also helping to support Sporcle. Thank you for becoming a member.

You're not logged in!

Compare scores with friends on all Sporcle quizzes.
OR
Log In

Show Comments

Extras

Created Dec 4, 2010ReportNominate
Tags:Author Quiz, Novel Quiz

Top Quizzes Today


Score Distribution

Your Account Isn't Verified!

In order to create a playlist on Sporcle, you need to verify the email address you used during registration. Go to your Sporcle Settings to finish the process.

Report this User

Report this user for behavior that violates our Community Guidelines.

Details: